IMSPRIATIONS FROM SWAMI (Record no. 193491)

MARC details
000 -LEADER
fixed length control field 00383nam a22001457a 4500
008 - FIXED-LENGTH DATA ELEMENTS--GENERAL INFORMATION
fixed length control field 221101b ||||| |||| 00| 0 eng d
082 ## - DEWEY DECIMAL CLASSIFICATION NUMBER
Classification number 921-SAR
100 ## - MAIN ENTRY--PERSONAL NAME
Personal name SARKAR,SHEKHAR
245 ## - TITLE STATEMENT
Title IMSPRIATIONS FROM SWAMI
Medium ENGLISH
260 ## - PUBLICATION, DISTRIBUTION, ETC. (IMPRINT)
Place of publication, distribution, etc NEW DELHI
Name of publisher, distributor, etc A.I.C.B
Date of publication, distribution, etc ,ROHINI
270 ## - ADDRESS
Address A.I.C.B,ROHINI.NEW DELHI
300 ## - PHYSICAL DESCRIPTION
Extent .
Other physical details .
Dimensions 12X13
490 ## - SERIES STATEMENT
Volume number/sequential designation 1
942 ## - ADDED ENTRY ELEMENTS (KOHA)
Source of classification or shelving scheme Dewey Decimal Classification
Item type Braille-Books-English
Call number prefix 921
Call number suffix SAR
Holdings
Withdrawn status Lost status Not for loan Home library Current library Date acquired Source of acquisition Cost, normal purchase price Full call number Barcode Koha item type
      Braille-Library Braille-Library 01/11/2022 Braille library 5.00 921-SAR BR-003527 Braille-Books-English

© Delhi Public Library
Hit Counter
free hit counter